| 000 | 00711nas a2200241 4500 | ||
|---|---|---|---|
| 001 | BR9904099 | ||
| 003 | BR-BrBNA | ||
| 005 | 20231205101532.0 | ||
| 007 | ta | ||
| 008 | 230509b bl.|||p| |||| 00| 00por d | ||
| 040 |
_aBR-BrBNA _bpor _cBiblioteca Nacional de Agricultura |
||
| 041 | _a(Pt) | ||
| 072 | _aF30 | ||
| 100 | 1 | _aFarias Neto, J.T. de | |
| 100 | 1 | _aCastro, A.W.V. de | |
| 245 | 1 | _aVariabilidade genetica em familias de meios-irmaos de taxi-branco | |
| 650 | _aTaxi Branco | ||
| 650 | _aParametro Genetico | ||
| 650 | _aAmapa | ||
| 773 | 0 |
_tRevista Arvore (Brazil) _xISSN 0100-6762 _g(1998), v. 22(3) p. 389-394 _wBR9904099 |
|
| 909 |
_a202311 _bLúcia _c55 _dLúcia Elande |
||
| 942 |
_2AGRIS _n0 _cANA |
||
| 999 |
_c162374 _d162374 |
||